[Event "23rd European Teams"]
[Site "Terme Catez SLO"]
[Date "2021.11.18"]
[Round "6.6"]
[Board "1"]
[White "Navara, David"]
[Black "Duda, Jan-Krzysztof"]
[Result "1/2-1/2"]
[WhiteTitle "GM"]
[BlackTitle "GM"]
[WhiteElo "2699"]
[BlackElo "2756"]
[WhiteTeam "Czech Republic"]
[BlackTeam "Poland"]
[WhiteFideId "309095"]
[BlackFideId "1170546"]
[EventDate "2021.11.12"]

1. e4 c6 2. d4 d5 3. e5 Bf5 4. Nf3 e6 5. Be2 c5 6. Be3 Qb6 7. Nc3 Nc6 8. O-O
Qxb2 9. Qe1 cxd4 10. Bxd4 Nxd4 11. Nxd4 Bb4 12. Rb1 Bxc3 13. Rxb2 Bxe1 14. Rxe1
b6 15. h4 h5 16. Nxf5 exf5 17. c4 Ne7 18. Rd2 O-O-O 19. Red1 d4 20. f4 Ng6 21.
g3 Nf8 22. Rxd4 Rxd4 23. Rxd4 Ne6 24. Rd6 g6 25. Bf3 Rd8 26. Rc6+ Kd7 27. Bd5
Rc8 28. Rxc8 Kxc8 29. Kf2 Kd7 30. c5 Ke7 31. cxb6 axb6 32. Ke3 Nc7 33. Kd4 Nb5+
34. Kd3 Nc7 35. Bc4 Ke8 36. Kc3 Ke7 37. Kb3 Ke8 38. Kb4 Kf8 39. Bb3 Ke8 40. a4
Kf8 41. a5 bxa5+ 42. Kxa5 Ke7 43. Kb6 Ne8 44. Kc6 f6 45. Bd5 fxe5 46. fxe5 Nf6
47. exf6+ Kxf6 48. Kd6 f4 49. gxf4 Kf5 50. Bf7 Kxf4 51. Bxg6 Kg4 52. Ke5 Kxh4
53. Kf4 Kh3 54. Bxh5 1/2-1/2

[Event "23rd European Teams"]
[Site "Terme Catez SLO"]
[Date "2021.11.18"]
[Round "6.6"]
[Board "2"]
[White "Wojtaszek, Radoslaw"]
[Black "Nguyen, Thai Dai Van"]
[Result "1/2-1/2"]
[WhiteTitle "GM"]
[BlackTitle "GM"]
[WhiteElo "2700"]
[BlackElo "2594"]
[WhiteTeam "Poland"]
[BlackTeam "Czech Republic"]
[WhiteFideId "1118358"]
[BlackFideId "358878"]
[EventDate "2021.11.12"]

1. c4 e6 2. Nc3 d5 3. d4 c5 4. cxd5 exd5 5. Nf3 Nc6 6. dxc5 d4 7. Na4 Bxc5 8.
Nxc5 Qa5+ 9. Bd2 Qxc5 10. Rc1 Qb6 11. e3 dxe3 12. Bxe3 Qxb2 13. Bc4 Nge7 14. O-O
O-O 15. Nd4 Bf5 16. Nxc6 Nxc6 17. Qf3 Bg6 18. Bd5 Rad8 19. Bxc6 bxc6 20. Qxc6
Qxa2 21. Ra1 Qd5 22. Qxd5 Rxd5 23. Rxa7 Rfd8 24. h3 h6 25. Raa1 Bf5 26. Kh2 Be6
27. Rfe1 R5d7 28. Rac1 Rd5 29. Rc3 Rd3 30. Rxd3 Rxd3 1/2-1/2

[Event "23rd European Teams"]
[Site "Terme Catez SLO"]
[Date "2021.11.18"]
[Round "6.6"]
[Board "3"]
[White "Zilka, Stepan"]
[Black "Piorun, Kacper"]
[Result "1/2-1/2"]
[WhiteTitle "GM"]
[BlackTitle "GM"]
[WhiteElo "2593"]
[BlackElo "2634"]
[WhiteTeam "Czech Republic"]
[BlackTeam "Poland"]
[WhiteFideId "315303"]
[BlackFideId "1130420"]
[EventDate "2021.11.12"]

1. d4 Nf6 2. c4 e6 3. Nc3 Bb4 4. Qc2 d5 5. a3 Bxc3+ 6. Qxc3 O-O 7. e3 b6 8. cxd5
Nxd5 9. Qc2 Bb7 10. Nf3 Nf6 11. b4 Be4 12. Bd3 Bxd3 13. Qxd3 Qd5 14. O-O c5 15.
bxc5 bxc5 16. Bb2 Nbd7 17. Qe2 cxd4 18. Nxd4 Nb6 19. Rfd1 Rfc8 20. Nb5 Qc4 21.
Qxc4 Nxc4 22. Bxf6 gxf6 23. h3 Rab8 24. Nxa7 Rc7 25. Rac1 Rbb7 26. Rd8+ Kg7 27.
Rc8 Rxa7 28. Rxc4 Rxc8 29. Rxc8 Rxa3 30. g3 f5 1/2-1/2

[Event "23rd European Teams"]
[Site "Terme Catez SLO"]
[Date "2021.11.18"]
[Round "6.6"]
[Board "4"]
[White "Moranda, Wojciech"]
[Black "Plat, Vojtech"]
[Result "1-0"]
[WhiteTitle "GM"]
[BlackTitle "GM"]
[WhiteElo "2623"]
[BlackElo "2548"]
[WhiteTeam "Poland"]
[BlackTeam "Czech Republic"]
[WhiteFideId "1122401"]
[BlackFideId "325740"]
[EventDate "2021.11.12"]

1. e4 c5 2. Nf3 Nc6 3. d4 cxd4 4. Nxd4 g6 5. Nc3 Bg7 6. Be3 Nf6 7. Nxc6 bxc6 8.
e5 Nd5 9. Nxd5 cxd5 10. Qxd5 Rb8 11. O-O-O Bb7 12. Qd2 Bxe5 13. Bxa7 Ra8 14. Qe3
Qc7 15. Bb6 Qb8 16. Kb1 Bf4 17. Qb3 O-O 18. Be3 Bxe3 19. Qxe3 Qc7 20. a3 e5 21.
c4 Rfb8 22. h4 Bc6 23. Rd2 Qb7 24. f3 h5 25. Be2 Ra6 26. Rc1 e4 27. f4 Rb6 28.
b4 d5 29. Rb2 dxc4 30. Bxc4 Bd7 31. Bb3 Ra6 32. Rc5 Qa7 33. Rc3 Qxe3 34. Rxe3
Rd6 35. Rc2 Kf8 36. Rc7 f5 37. Kc2 Ke8 38. Rc5 Ra8 39. b5 Kd8 40. a4 Be6 41.
Bxe6 Rxe6 42. Rd5+ Ke7 43. Kb3 Rc8 44. a5 Rc1 45. a6 Rb6 46. Kb2 Rc7 47. Rc3 Ra7
48. Ka3 1-0

[Event "23rd European Teams"]
[Site "Terme Catez SLO"]
[Date "2021.11.18"]
[Round "6.7"]
[Board "1"]
[White "Indjic, Aleksandar"]
[Black "Agopov, Mikael"]
[Result "1-0"]
[WhiteTitle "GM"]
[BlackTitle "IM"]
[WhiteElo "2612"]
[BlackElo "2430"]
[WhiteTeam "Serbia"]
[BlackTeam "Finland"]
[WhiteFideId "911925"]
[BlackFideId "501840"]
[EventDate "2021.11.12"]

1. d4 Nf6 2. c4 e6 3. Nf3 b6 4. a3 Ba6 5. Qc2 Bb7 6. Nc3 c5 7. e4 cxd4 8. Nxd4
Bc5 9. Nf3 Nc6 10. b4 Bd6 11. Bb2 a5 12. Nb5 Bb8 13. e5 Ng4 14. Nd6+ Bxd6 15.
exd6 f6 16. b5 Nce5 17. Be2 Nxf3+ 18. gxf3 Ne5 19. Rg1 O-O 20. Rg3 Rc8 21. O-O-O
Rc5 22. Rdg1 Rf7 23. Bd4 Qc8 24. f4 Ng6 25. Rh3 Rf5 26. Be3 Qb8 27. Rd1 Bg2 28.
Rg3 Ba8 29. Bd3 Rh5 30. Bxg6 hxg6 31. h3 Rh4 32. Kb2 Qc8 33. Rdg1 g5 34. Rg4
Rxg4 35. hxg4 Qb8 36. fxg5 Qxd6 37. g6 Rf8 38. f4 Rc8 39. Rd1 Bd5 40. Qd3 1-0

[Event "23rd European Teams"]
[Site "Terme Catez SLO"]
[Date "2021.11.18"]
[Round "6.7"]
[Board "2"]
[White "Koykka, Pekka"]
[Black "Ivic, Velimir"]
[Result "0-1"]
[WhiteTitle "FM"]
[BlackTitle "GM"]
[WhiteElo "2353"]
[BlackElo "2620"]
[WhiteTeam "Finland"]
[BlackTeam "Serbia"]
[WhiteFideId "504319"]
[BlackFideId "950122"]
[EventDate "2021.11.12"]

1. d4 d5 2. c4 e6 3. Nc3 Nf6 4. cxd5 exd5 5. Bg5 Bb4 6. Qa4+ Nc6 7. e3 h6 8.
Bxf6 Qxf6 9. Bb5 O-O 10. Ne2 a5 11. a3 Bxc3+ 12. Nxc3 Qg6 13. g3 Bh3 14. Bf1
Bxf1 15. Kxf1 Qe6 16. Kg2 Ne7 17. Qb5 Rfb8 18. Rhc1 c6 19. Qd3 Nf5 20. Qc2 Re8
21. Kg1 h5 22. Qd1 Qg6 23. Ne2 Qg5 24. Nf4 g6 25. Rc3 Kg7 26. Ng2 h4 27. Qf3 Re4
28. Nf4 hxg3 29. hxg3 Rh8 30. Qg2 Qh6 31. Rd3 g5 32. Ne2 Re6 33. Kf1 Qh7 34. Rc3
Rh6 35. g4 Nd6 36. Ng3 Rh1+ 37. Ke2 Rxa1 38. Nh5+ Kf8 39. Qg3 Qg6 40. Qe5 Rxh5 0-1

[Event "23rd European Teams"]
[Site "Terme Catez SLO"]
[Date "2021.11.18"]
[Round "6.7"]
[Board "3"]
[White "Ivanisevic, Ivan"]
[Black "Nyysti, Sampsa"]
[Result "1-0"]
[WhiteTitle "GM"]
[BlackTitle "IM"]
[WhiteElo "2604"]
[BlackElo "2325"]
[WhiteTeam "Serbia"]
[BlackTeam "Finland"]
[WhiteFideId "912417"]
[BlackFideId "502138"]
[EventDate "2021.11.12"]

1. d4 Nf6 2. c4 e6 3. Nc3 Bb4 4. e3 O-O 5. Bd3 c5 6. Ne2 d5 7. cxd5 cxd4 8. exd4
Qxd5 9. O-O Qh5 10. Ne4 Nxe4 11. Bxe4 Nc6 12. Bf4 Rd8 13. Bf3 Qa5 14. a3 Bd6 15.
b4 Qc7 16. Bg3 Bxg3 17. hxg3 Qb6 18. Qa4 Bd7 19. b5 Ne7 20. Qb4 Nf5 21. Rab1
Rab8 22. Rfd1 a6 23. a4 Be8 24. Be4 Nd6 25. Bd3 axb5 26. axb5 Ra8 27. Nf4 g6 28.
Re1 Nf5 29. Bxf5 Rxd4 30. Qc3 gxf5 31. Nh5 h6 32. Qe3 Kh7 33. Rb4 Rd6 34. Qe5 f6
35. Nxf6+ Kg6 36. Nh5 1-0

[Event "23rd European Teams"]
[Site "Terme Catez SLO"]
[Date "2021.11.18"]
[Round "6.8"]
[Board "1"]
[White "Jobava, Baadur"]
[Black "Yilmaz, Mustafa"]
[Result "1-0"]
[WhiteTitle "GM"]
[BlackTitle "GM"]
[WhiteElo "2582"]
[BlackElo "2626"]
[WhiteTeam "Georgia"]
[BlackTeam "Turkey"]
[WhiteFideId "13601520"]
[BlackFideId "6302718"]
[EventDate "2021.11.12"]

1. c4 e5 2. d3 Bb4+ 3. Nd2 Nf6 4. Nf3 Qe7 5. e3 c5 6. Be2 Nc6 7. O-O Ba5 8. a3
O-O 9. b4 cxb4 10. Nb3 Bc7 11. axb4 Nxb4 12. Ba3 a5 13. Qb1 Ra6 14. d4 e4 15.
Nfd2 Re8 16. Rc1 d5 17. cxd5 Bxh2+ 18. Kf1 Ra8 19. Nxa5 Nfxd5 20. Bxb4 Qh4 21.
Nf3 exf3 22. Bxf3 Nf6 23. Be7 Be6 24. Qb4 Rac8 25. Ke2 Qg5 26. Nxb7 Qg6 27. Bxf6
Rc2+ 28. Rxc2 Qxc2+ 29. Qd2 Qc4+ 30. Ke1 gxf6 31. Rc1 Qa6 32. Nc5 Qa3 33. g3 Bh3
34. Qc3 Qa7 35. Ra1 Qb8 36. Kd2 f5 37. Ra8 Qxa8 38. Bxa8 Rxa8 39. Qb3 Bg2 40.
Nd3 Ra5 41. Nf4 Be4 42. Qb8+ Kg7 43. Nh5+ Kh6 44. Qb6+ 1-0

[Event "23rd European Teams"]
[Site "Terme Catez SLO"]
[Date "2021.11.18"]
[Round "6.9"]
[Board "1"]
[White "Nisipeanu, Liviu-Dieter"]
[Black "Subelj, Jan"]
[Result "1-0"]
[WhiteTitle "GM"]
[BlackTitle "IM"]
[WhiteElo "2651"]
[BlackElo "2458"]
[WhiteTeam "Germany"]
[BlackTeam "Slovenia 2"]
[WhiteFideId "1202758"]
[BlackFideId "14618583"]
[EventDate "2021.11.12"]

1. d4 d5 2. c4 c6 3. Nf3 Nf6 4. e3 e6 5. Nbd2 Nbd7 6. b3 Bd6 7. Bb2 Qe7 8. Ne5
Ba3 9. Qc1 Bxb2 10. Qxb2 O-O 11. Bd3 c5 12. O-O cxd4 13. exd4 b6 14. f4 Bb7 15.
Rae1 g6 16. b4 dxc4 17. Ndxc4 Rfd8 18. b5 Rac8 19. Ne3 Qd6 20. Bc4 Nf8 21. f5
gxf5 22. Rxf5 exf5 23. Nxf5 Qc7 24. Qd2 1-0

[Event "23rd European Teams"]
[Site "Terme Catez SLO"]
[Date "2021.11.18"]
[Round "6.9"]
[Board "2"]
[White "Tisaj, Domen"]
[Black "Keymer, Vincent"]
[Result "0-1"]
[WhiteTitle "FM"]
[BlackTitle "GM"]
[WhiteElo "2369"]
[BlackElo "2639"]
[WhiteTeam "Slovenia 2"]
[BlackTeam "Germany"]
[WhiteFideId "14628708"]
[BlackFideId "12940690"]
[EventDate "2021.11.12"]

1. d4 Nf6 2. c4 e6 3. g3 d5 4. Bg2 Bb4+ 5. Nd2 O-O 6. Nf3 b6 7. O-O Bb7 8. a3
Be7 9. cxd5 exd5 10. b4 a5 11. b5 c6 12. Qa4 Bd6 13. Ne5 Qe8 14. Rb1 Bc7 15. Qc2
c5 16. Nd3 Bd6 17. Nf3 Qe7 18. a4 Nbd7 19. Bf4 Rac8 20. Bxd6 Qxd6 21. Rfd1 cxd4
22. Qb2 Ne4 23. Ra1 Nc3 24. Rd2 Qf6 25. Bh3 Rfd8 26. Kg2 h6 27. Ra3 Ne4 28. Rd1
Rc3 29. Bxd7 Rxd7 30. Nde1 g5 31. h3 h5 32. Nd3 Rdc7 33. Re1 Bc8 34. h4 Bf5 35.
hxg5 Nxg5 36. Nxg5 Qxg5 37. Rxc3 dxc3 38. Qa3 Be4+ 39. Kf1 c2 40. Nf4 h4 41. Rc1
h3 42. Nxh3 Qh6 43. Ng1 Rc3 44. Qa1 Rb3 45. e3 Rb1 46. Qa3 Qh5 0-1

[Event "23rd European Teams"]
[Site "Terme Catez SLO"]
[Date "2021.11.18"]
[Round "6.9"]
[Board "3"]
[White "Bluebaum, Matthias"]
[Black "Brilej, Jaka"]
[Result "1-0"]
[WhiteTitle "GM"]
[BlackTitle "FM"]
[WhiteElo "2647"]
[BlackElo "2341"]
[WhiteTeam "Germany"]
[BlackTeam "Slovenia 2"]
[WhiteFideId "24651516"]
[BlackFideId "14618818"]
[EventDate "2021.11.12"]

1. c4 Nf6 2. Nf3 c5 3. Nc3 d5 4. cxd5 Nxd5 5. d4 e6 6. e4 Nxc3 7. bxc3 cxd4 8.
cxd4 Bb4+ 9. Bd2 Bxd2+ 10. Qxd2 O-O 11. Bc4 Nc6 12. O-O b6 13. Rad1 Ne7 14. Rfe1
Bb7 15. h4 Rc8 16. Bb3 Qd6 17. h5 h6 18. Ne5 Rcd8 19. Qe3 Ba6 20. Ng4 Rd7 21.
Nxh6+ Kh7 22. Ng4 f5 23. exf5 Nxf5 24. Qxe6 Nxd4 25. Qe4+ Kh8 26. Ne5 1-0

[Event "23rd European Teams"]
[Site "Terme Catez SLO"]
[Date "2021.11.18"]
[Round "6.9"]
[Board "4"]
[White "Stevanic, David"]
[Black "Svane, Rasmus"]
[Result "0-1"]
[WhiteTitle "FM"]
[BlackTitle "GM"]
[WhiteElo "2318"]
[BlackElo "2628"]
[WhiteTeam "Slovenia 2"]
[BlackTeam "Germany"]
[WhiteFideId "14613921"]
[BlackFideId "4657101"]
[EventDate "2021.11.12"]

1. e4 c6 2. d4 d5 3. f3 e6 4. Nc3 Nd7 5. Be3 Bb4 6. Qd2 dxe4 7. fxe4 Ngf6 8. Qd3
c5 9. Nf3 Qa5 10. Nd2 cxd4 11. Bxd4 e5 12. Bf2 O-O 13. Be2 Nc5 14. Bxc5 Qxc5 15.
Nd5 Bxd2+ 16. Kxd2 Nxd5 17. exd5 Rd8 18. c4 b5 19. b3 bxc4 20. bxc4 e4 21. Qxe4
Bd7 22. Qe3 Qd6 23. Qd4 Re8 24. Bd3 Qb4+ 25. Qc3 Qc5 26. Rae1 Qf2+ 27. Re2 Rxe2+
28. Bxe2 Re8 29. Re1 Bg4 30. Qd3 Qf4+ 31. Kd1 Re3 32. Qd2 Qe4 33. Qb2 h5 34. d6
Rd3+ 35. Kc1 Qe3+ 36. Kb1 Rd2 37. Qb8+ Kh7 38. Qb3 Bf5+ 39. Kc1 Rc2+ 40. Kb1
Rxe2+ 0-1

[Event "23rd European Teams"]
[Site "Terme Catez SLO"]
[Date "2021.11.18"]
[Round "6.10"]
[Board "1"]
[White "Bogner, Sebastian"]
[Black "McShane, Luke J"]
[Result "1/2-1/2"]
[WhiteTitle "GM"]
[BlackTitle "GM"]
[WhiteElo "2574"]
[BlackElo "2667"]
[WhiteTeam "Switzerland"]
[BlackTeam "England"]
[WhiteFideId "4692055"]
[BlackFideId "404853"]
[EventDate "2021.11.12"]

1. e4 e5 2. Nf3 Nc6 3. Bb5 Nf6 4. O-O Nxe4 5. Re1 Nd6 6. Nxe5 Be7 7. Bf1 Nf5 8.
Nf3 d5 9. d4 O-O 10. a4 Nd6 11. c3 Ne4 12. a5 a6 13. Qb3 f5 14. c4 Bf6 15. cxd5
Nxd4 16. Nxd4 Bxd4 17. Be3 Bxe3 18. Rxe3 Kh8 19. Nc3 Nd2 20. Qb4 Qd6 21. Qxd6
cxd6 22. Re7 Rb8 23. Na4 f4 24. Bd3 Bf5 25. Bxf5 Rxf5 26. Nb6 Kg8 27. b4 Re5 28.
Rxe5 dxe5 29. Re1 Kf7 30. f3 Re8 31. Rc1 e4 32. fxe4 Nxe4 33. Rc7+ Re7 34. Rc4
g5 35. Nc8 Re8 36. Rxe4 Rxc8 37. d6 Re8 38. Rc4 Ke6 39. Rc7 Kxd6 40. Rxb7 Re4
41. Rxh7 Rxb4 42. Rh6+ Ke5 43. Rxa6 1/2-1/2

[Event "23rd European Teams"]
[Site "Terme Catez SLO"]
[Date "2021.11.18"]
[Round "6.10"]
[Board "2"]
[White "Jones, Gawain C B"]
[Black "Pelletier, Yannick"]
[Result "1-0"]
[WhiteTitle "GM"]
[BlackTitle "GM"]
[WhiteElo "2654"]
[BlackElo "2564"]
[WhiteTeam "England"]
[BlackTeam "Switzerland"]
[WhiteFideId "409561"]
[BlackFideId "1301837"]
[EventDate "2021.11.12"]

1. e4 c6 2. d4 d5 3. e5 Bf5 4. g4 Bd7 5. Nc3 c5 6. dxc5 Nc6 7. Qxd5 Bxg4 8. Qg2
Qd7 9. Bb5 O-O-O 10. Nge2 f6 11. Be3 fxe5 12. Bxc6 bxc6 13. Rd1 Qe6 14. Rxd8+
Kxd8 15. Ng3 g6 16. f3 Bf5 17. O-O Nf6 18. Rd1+ Ke8 19. Qd2 Kf7 20. Bg5 Bg7 21.
Bxf6 Bxf6 22. Nce4 h5 23. Nxf6 Kxf6 24. h4 Kg7 25. Qg5 Rf8 26. Nxh5+ Kh7 27. Ng3
Bxc2 28. Re1 e4 29. fxe4 Bd3 30. h5 Rf6 31. Re3 Qc4 32. hxg6+ Rxg6 33. Qxe7+ Kh6
34. Qh4+ Kg7 35. Qe7+ Kh6 36. Kf2 Qc2+ 37. Re2 Bxe2 38. Nf5+ Kh5 39. Qh4# 1-0

[Event "23rd European Teams"]
[Site "Terme Catez SLO"]
[Date "2021.11.18"]
[Round "6.10"]
[Board "3"]
[White "Georgiadis, Nico"]
[Black "Howell, David W L"]
[Result "1/2-1/2"]
[WhiteTitle "GM"]
[BlackTitle "GM"]
[WhiteElo "2553"]
[BlackElo "2648"]
[WhiteTeam "Switzerland"]
[BlackTeam "England"]
[WhiteFideId "1300113"]
[BlackFideId "410608"]
[EventDate "2021.11.12"]

1. e4 e5 2. Nf3 Nc6 3. Bb5 Nf6 4. d3 Bc5 5. Bxc6 dxc6 6. O-O Nd7 7. c3 h6 8. d4
Bd6 9. Nbd2 O-O 10. Nc4 exd4 11. Nxd4 Re8 12. Re1 Ne5 13. Nxd6 cxd6 14. Bf4 Ng6
15. Bg3 d5 16. exd5 Rxe1+ 17. Qxe1 Qxd5 18. Qe8+ Kh7 19. f3 a6 20. Nc2 c5 21. a4
b5 22. Ne3 Qb7 23. axb5 axb5 24. Rxa8 Qxa8 25. h4 Qb7 26. h5 Nh8 27. Qe5 c4 28.
Nd5 f6 29. Qe4+ f5 30. Qd4 Nf7 31. Qc5 Ng5 32. Ne7 Be6 33. Ng6 Qc8 34. Qe7 Bg8
35. Nf8+ Kh8 36. Ng6+ Kh7 37. Nf8+ Kh8 38. Be5 Bf7 39. Ng6+ Kg8 40. Kh2 Ne6 41.
Bd6 Qe8 42. Qxe8+ Bxe8 43. Ne7+ Kh7 44. Nxf5 1/2-1/2

[Event "23rd European Teams"]
[Site "Terme Catez SLO"]
[Date "2021.11.18"]
[Round "6.11"]
[Board "1"]
[White "Christiansen, Johan-Sebastian"]
[Black "Pechac, Jergus"]
[Result "1-0"]
[WhiteTitle "GM"]
[BlackTitle "GM"]
[WhiteElo "2582"]
[BlackElo "2562"]
[WhiteTeam "Norway"]
[BlackTeam "Slovakia"]
[WhiteFideId "1512668"]
[BlackFideId "14926970"]
[EventDate "2021.11.12"]

1. e4 d5 2. exd5 Qxd5 3. Nc3 Qd6 4. d4 Nf6 5. Nb5 Qb6 6. a4 a6 7. Na3 e5 8. Nf3
exd4 9. Nc4 Bb4+ 10. Bd2 Qe6+ 11. Be2 Bc5 12. O-O O-O 13. b4 Ba7 14. Bd3 Qd5 15.
Re1 Nbd7 16. Bg5 h6 17. Bh4 c6 18. Qd2 b5 19. Nce5 Nxe5 20. Nxe5 Ng4 21. Nxc6
Qxc6 22. Be4 Qb6 23. a5 Qd6 24. Bg3 Qf6 25. Bxa8 Bf5 26. Be4 Rc8 27. h3 Ne3 28.
Bxf5 Nxf5 29. Be5 Qg6 30. Qd3 Rc3 31. Qe4 Rxh3 32. Rad1 Rh4 33. Qf3 Kh7 34. Re4
f6 35. Bc7 Rh5 36. Rg4 Qe8 37. Rf4 Qg6 38. Rg4 Qe8 39. Qe4 Qd7 40. Bb6 Bb8 41.
Rxd4 Qf7 42. Rh4 Rg5 43. Rd8 Qg6 44. Rh3 Bd6 45. Bc5 Bc7 46. Rc8 Rg4 47. Qa8 Qf7
48. Qf3 Rg5 49. Qb3 Qd7 50. Qg8+ Kg6 51. Rd3 Qc6 52. Qe8+ Qxe8 53. Rxe8 Rg4 54.
Re6 Rc4 55. c3 Be5 56. Rxa6 Bxc3 57. Rb6 Bxb4 58. Bxb4 Rxb4 59. a6 Ra4 60. Rd7
Nd4 61. a7 Ne2+ 62. Kf1 Nf4 63. Ke1 Ra1+ 64. Kd2 Ra2+ 65. Kc1 Ne2+ 66. Kd1 Nc3+
67. Ke1 Ra1+ 68. Kd2 Ne4+ 69. Ke3 Nc5 70. Rc7 Ra3+ 71. Ke2 Ra2+ 72. Kd1 Nd3 73.
Rb8 Rb2 1-0

[Event "23rd European Teams"]
[Site "Terme Catez SLO"]
[Date "2021.11.18"]
[Round "6.12"]
[Board "1"]
[White "Saric, Ivan"]
[Black "Laurusas, Tomas"]
[Result "1-0"]
[WhiteTitle "GM"]
[BlackTitle "IM"]
[WhiteElo "2665"]
[BlackElo "2553"]
[WhiteTeam "Croatia"]
[BlackTeam "Lithuania"]
[WhiteFideId "14508150"]
[BlackFideId "12803731"]
[EventDate "2021.11.12"]

1. e4 e5 2. Nf3 Nf6 3. Nxe5 d6 4. Nf3 Nxe4 5. d4 d5 6. Bd3 Nc6 7. O-O Be7 8.
Nbd2 Bf5 9. Re1 Nxd2 10. Qxd2 Bxd3 11. Qxd3 O-O 12. c3 h6 13. Bf4 Bd6 14. Ne5
Bxe5 15. dxe5 Qd7 16. Rad1 Rad8 17. Bg3 Ne7 18. f4 Rfe8 19. Qf3 Qf5 20. h3 Ng6
21. Bh2 Qc2 22. Qf2 Qxf2+ 23. Kxf2 Ne7 24. g4 c5 25. h4 d4 26. cxd4 cxd4 27. Rd3
Nc6 28. a3 Rd5 29. h5 Rb5 30. Re2 f6 31. e6 f5 32. Kf3 Kf8 33. gxf5 Rxf5 34. Kg4
Rd5 35. Bg3 Ne7 36. Be1 g6 37. hxg6 h5+ 38. Kf3 Nxg6 39. Bf2 Red8 40. Re4 Ke7
41. Rdxd4 Rxd4 42. Bxd4 Nh4+ 43. Kf2 b6 44. Bc3 a5 45. Ke2 Nf5 46. Re5 Nd6 47.
Be1 Rf8 48. Bh4+ Ke8 49. Rd5 Rxf4 50. Bg3 1-0

[Event "23rd European Teams"]
[Site "Terme Catez SLO"]
[Date "2021.11.18"]
[Round "6.13"]
[Board "1"]
[White "Mikhalevski, Victor"]
[Black "Vocaturo, Daniele"]
[Result "1/2-1/2"]
[WhiteTitle "GM"]
[BlackTitle "GM"]
[WhiteElo "2559"]
[BlackElo "2632"]
[WhiteTeam "Israel"]
[BlackTeam "Italy"]
[WhiteFideId "2801914"]
[BlackFideId "813192"]
[EventDate "2021.11.12"]

1. Nf3 c5 2. g3 Nc6 3. Bg2 g6 4. O-O Bg7 5. d3 e5 6. Nc3 Nge7 7. e4 d6 8. Nd2
O-O 9. Nc4 Be6 10. Ne3 Qd7 11. Ned5 Rae8 12. Be3 Nd4 13. Nxe7+ Rxe7 14. Qd2 b5
15. a3 a5 16. Nd5 Bxd5 17. exd5 a4 18. Rfe1 f5 19. Bxd4 cxd4 20. c3 Qa7 21. Rac1
dxc3 22. Rxc3 e4 23. Rc2 Bd4 24. Kh1 e3 25. fxe3 Bxe3 26. Qd1 Qd4 27. Rc6 Qf6
28. b3 f4 29. Rf1 b4 30. Rc4 bxa3 31. Rxa4 Qb2 32. gxf4 Bd4 33. Qg4 Bg7 34. Be4
a2 35. Qg2 Qxg2+ 36. Kxg2 a1=Q 37. Rfxa1 Bxa1 38. Rxa1 Rxf4 39. Ra6 Rf6 40. Rb6
Ra7 41. b4 Kf8 42. Kg3 Kg7 43. h4 Ra1 44. b5 Rg1+ 45. Kh2 Rb1 46. Kg3 Rb2 47.
Kg4 Rbf2 48. Kg3 Rf1 49. Kg2 Rb1 50. Kg3 Kh6 51. Rb7 Rg1+ 52. Kh3 Rgf1 53. Rd7
Rb1 54. Rb7 Rb3 55. Kg3 Rb2 56. Kg4 Rb1 57. Kh3 Rg1 58. Rd7 Rb1 59. Rb7 1/2-1/2

[Event "23rd European Teams"]
[Site "Terme Catez SLO"]
[Date "2021.11.18"]
[Round "6.13"]
[Board "2"]
[White "Moroni, Luca Jr"]
[Black "Smirin, Ilia"]
[Result "0-1"]
[WhiteTitle "GM"]
[BlackTitle "GM"]
[WhiteElo "2580"]
[BlackElo "2616"]
[WhiteTeam "Italy"]
[BlackTeam "Israel"]
[WhiteFideId "865834"]
[BlackFideId "2801990"]
[EventDate "2021.11.12"]

1. e4 c5 2. Nf3 d6 3. d4 cxd4 4. Nxd4 Nf6 5. Nc3 a6 6. h4 Nc6 7. h5 e5 8. Nb3
Be7 9. Be2 Be6 10. Bf3 a5 11. a4 Nb4 12. h6 g6 13. Bg5 Rc8 14. O-O O-O 15. Re1
b6 16. Nd2 Nd7 17. Bxe7 Qxe7 18. Nf1 f5 19. Ne3 Nf6 20. Qd2 f4 21. Ned5 Bxd5 22.
Nxd5 Nbxd5 23. exd5 g5 24. b4 Kh8 25. bxa5 bxa5 26. Qxa5 g4 27. Bd1 Rg8 28. Ra3
Qf8 29. Qb6 Rd8 30. a5 Qxh6 31. a6 f3 32. a7 Nxd5 33. Qc6 Nf4 34. g3 Nh3+ 35.
Kf1 Ng5 36. Kg1 Qh3 37. Rxf3 gxf3 38. Bxf3 Nxf3+ 39. Qxf3 Rdf8 0-1

[Event "23rd European Teams"]
[Site "Terme Catez SLO"]
[Date "2021.11.18"]
[Round "6.14"]
[Board "1"]
[White "Dardha, Daniel"]
[Black "Thybo, Jesper Sondergaard"]
[Result "1-0"]
[WhiteTitle "IM"]
[BlackTitle "GM"]
[WhiteElo "2525"]
[BlackElo "2604"]
[WhiteTeam "Belgium"]
[BlackTeam "Denmark"]
[WhiteFideId "240990"]
[BlackFideId "1438832"]
[EventDate "2021.11.12"]

1. d4 Nf6 2. c4 e6 3. Nc3 Bb4 4. f3 d5 5. a3 Bxc3+ 6. bxc3 c5 7. cxd5 Nxd5 8.
dxc5 Qa5 9. e4 Nf6 10. Be3 O-O 11. Qb3 Qc7 12. a4 Nfd7 13. Qa3 b6 14. a5 bxc5
15. a6 c4 16. Qa5 Qxa5 17. Rxa5 Bxa6 18. Ne2 Rc8 19. Kf2 Bb7 20. Nd4 Nc5 21. Be2
Nd3+ 22. Kg3 Nc6 23. Nxc6 Bxc6 24. Rha1 Rc7 25. Bxa7 f6 26. Be3 Rxa5 27. Rxa5
Kf7 28. Ra6 e5 29. h4 Bd7 30. Rb6 Bc8 31. Rb8 Be6 32. Bd1 Bd7 33. Kh2 Bc6 34.
Bc2 Ne1 35. Bd1 Rb7 36. Rxb7+ Bxb7 37. Ba4 Bc8 38. Bb5 Be6 39. Kg1 h5 40. Kf1
Nd3 41. g3 Ke7 42. Ke2 Bf7 43. f4 Kd6 44. fxe5+ Nxe5 45. Bd4 g5 46. Bb6 gxh4 47.
gxh4 Be6 48. Ke3 Bd7 49. Ba6 Kc6 50. Bd8 Be6 51. Kd4 Nf3+ 52. Ke3 Ne1 53. Ba5
Nc2+ 54. Kf4 Ne1 55. Ke3 Nc2+ 56. Kf4 Na1 57. e5 Nb3 58. Bb4 Kb6 59. exf6 Kxa6
60. Kg5 Nd2 61. Kxh5 Nf3 62. Bd6 Kb5 63. Bg3 Nd2 64. Kg6 Ne4 65. Be5 Nxf6 66.
Bxf6 Bd5 67. h5 1-0

[Event "23rd European Teams"]
[Site "Terme Catez SLO"]
[Date "2021.11.18"]
[Round "6.15"]
[Board "1"]
[White "Ragger, Markus"]
[Black "Lenic, Luka"]
[Result "1/2-1/2"]
[WhiteTitle "GM"]
[BlackTitle "GM"]
[WhiteElo "2668"]
[BlackElo "2633"]
[WhiteTeam "Austria"]
[BlackTeam "Slovenia 1"]
[WhiteFideId "1610856"]
[BlackFideId "14603853"]
[EventDate "2021.11.12"]

1. Nf3 Nf6 2. c4 g6 3. Nc3 d5 4. d4 Bg7 5. Bg5 Ne4 6. Bf4 Nxc3 7. bxc3 c5 8. e3
O-O 9. cxd5 cxd4 10. cxd4 Qxd5 11. Be2 Qa5+ 12. Qd2 Qxd2+ 13. Kxd2 Nc6 14. Rhc1
Rd8 15. Bd3 e5 16. Nxe5 Bxe5 17. Bxe5 Nxe5 18. dxe5 Bf5 19. Rc3 Rd5 20. Ke2
Bxd3+ 21. Rxd3 Rxe5 22. Rc1 Rae8 23. Rc7 R8e7 24. Rdd7 Rxd7 25. Rxd7 Ra5 26.
Rxb7 Rxa2+ 27. Kf3 h5 28. h4 Kg7 29. Kg3 Ra3 30. Kf4 Ra2 31. Kg3 Ra3 32. Kf4 Ra2 1/2-1/2